El conocimiento /

Obra en treinta y cinco volúmenes (está incompleta en la biblioteca) que recupera la historia de la filosofía y aborda los grandes temas de los que se ocupa, como la lógica, la metafísica, la epistemología, la estética, la ética, el derecho, la política, la historia, la cultura, el lenguaje y la rel...

Whakaahuatanga katoa

I tiakina i:
Ngā taipitopito rārangi puna kōrero
Kaituhi matua: Villoro, Luis (edición)
Ētahi atu kaituhi: Reyes Mate, Manuel (dir.) Conductor
Hōputu: Pukapuka
Reo:Pāniora
I whakaputaina: Madrid, España : Trotta : Consejo Superior de Investigaciones Científicas, 1999, c1999
Rangatū:(Enciclopedia Iberoamericana de Filosofía ; 20)
Ngā marau:
Ngā Tūtohu: Tāpirihia he Tūtohu
Kāore He Tūtohu, Me noho koe te mea tuatahi ki te tūtohu i tēnei pūkete!

MARC

LEADER 00000nam^a2200000^a^4500
001 000298597
005 20250521000000.0
009 20260310112413.187
020 |a 84-8164-358-0 
020 |a 84-87699-48-0 
037 |a Acervo ITESO - Biblioteca 
041 |a ESP 
082 |a 103.  |b ENC V. 20 
100 |a Villoro, Luis  |e (edición) 
240 1 1 |a [Enciclopedia iberoamericana de filosofía] 
245 1 3 |a El conocimiento /  |c Ed. de L. Villoro ; dir. de M. Reyes Mate. 
264 4 |a Madrid, España :  |b Trotta :  |b Consejo Superior de Investigaciones Científicas,  |c 1999, c1999 
300 |a 244 p. 
336 |a texto  |b txt  |2 rdacontenido 
337 |a sin mediación  |b n  |2 rdamedio 
338 |a volumen  |b nc  |2 rdasoporte 
440 1 |a (Enciclopedia Iberoamericana de Filosofía ;  |v 20) 
520 |a Obra en treinta y cinco volúmenes (está incompleta en la biblioteca) que recupera la historia de la filosofía y aborda los grandes temas de los que se ocupa, como la lógica, la metafísica, la epistemología, la estética, la ética, el derecho, la política, la historia, la cultura, el lenguaje y la religión. 
649 |a XX 
650 |a Sentidos y Sensaciones 
650 |a Percepción 
650 |a Memoria 
650 |a Cosmovisión 
650 |a Mitología 
650 |a Creencia y Duda 
650 |a Verdad 
650 |a Juicio (Lógica) 
650 |a Epistemología 
650 |a Filosofía -  |x Enciclopedias y Diccionarios 
700 |a Reyes Mate, Manuel  |e (dir.) 
910 |a Fondo General 
920 |a Impresos - Libros 
930 |a Colección General 
905 |a 101 
901 |a 050018639  |b IT1  |c ACC  |u 20250521 
902 |a https://opac.biblio.iteso.mx/vufind/Record/000298597